[Event "Tatra Limba Master 2022"]
[Site "Poronin"]
[Date "2022.01.11"]
[Round "9.4"]
[White "Pniaczek, Marek"]
[Black "Starosciak, Szymon"]
[Result "1-0"]
[WhiteElo "2329"]
[BlackElo "1986"]
[Annotator "TA"]
[PlyCount "125"]
[EventDate "2022.01.07"]
[EventType "swiss"]
[EventCountry "POL"]
[SourceTitle "playchess.com"]
[Source "ChessBase"]
[SourceQuality "1"]

{[%evp 27,125,-10,35,48,47,42,51,91,52,0,23,0,0,0,0,0,0,0,44,37,37,36,0,0,0,0,0,0,2,0,24,0,8,0,51,44,44,44,60,58,63,51,77,30,77,73,138,129,297,155,443,414,584,576,584,580,580,572,1749,2032,4598,4002,3069,3015,5535,5204,29961,29963,29958,29961,29968,29969,29969,29970,29969,29970,29970,29970,29970,29971,29973,29973,29973,29973,29973,29973,29971,29973,29976,29977,29977,29978,29978,29979,29979,29980,29980,29980,29981,29982]} 1. e4 c5 2. Nf3 d6 3. d4 cxd4 4. Nxd4 Nf6 5. Nc3 Nc6 6. Bc4 e6 7. Be3 Be7 8. Qe2 a6 9. O-O-O Qc7 10. Bb3 Na5 11. g4 {[%cal Bg2g4,Bg4g5][%mdl 32]} b5 12. g5 Nxb3+ 13. axb3 Nd7 14. Nf5 b4 (14... exf5 $11 {feels stronger.} 15. Nd5 Qd8 16. exf5 Bb7) 15. Nxe7 $14 {B89: Sicilian: Velimirovic Attack.} (15. Nxg7+ Kf8 16. Nxe6+ fxe6 17. Qf3+ Kg8 $17) 15... bxc3 16. Nxc8 (16. Bf4 Qa5 17. bxc3 Kxe7 $11) 16... cxb2+ 17. Kxb2 {White is slightly better.} Rxc8 {[#]} 18. Ra1 $146 {Active counter play!} (18. Rd4 $14) ({Predecessor:} 18. Qd2 O-O 19. c4 Ne5 20. Bf4 Rb8 21. Bxe5 dxe5 22. Qc3 a5 23. c5 Rb5 24. c6 {½-½ (31) Gretz,D (2152)-Sieber,F (2065) Hannover 2015}) 18... O-O 19. Rxa6 Qc3+ 20. Kb1 Nc5 $1 21. Bxc5 dxc5 22. Ra4 Ra8 (22... Qe5 $11) 23. Qd3 $1 Qe5 24. Qg3 Qxg3 25. hxg3 {[#] And now Rxa8 would win.} Rxa4 26. bxa4 {[%mdl 4096] Endgame aiming for Ka2. KR-KR} Ra8 27. Kb2 Rxa4 28. f3 g6 29. c3 c4 $1 30. f4 {Hoping for Ra1.} Ra5 (30... e5 $11) 31. Ra1 $1 Rb5+ (31... Rxa1 $2 32. Kxa1 e5 33. fxe5 $18) 32. Kc2 h6 33. gxh6 Rh5 34. Kd2 Rh3 35. Rg1 ({Better is} 35. Ke3 $16) 35... e5 (35... f6 $11 {is more appropriate.}) 36. fxe5 $16 Rh5 (36... Rxh6 $142 37. Ke3 Kf8) 37. Ke3 Rxe5 $2 {[#]} (37... Rxh6 $16 38. Rf1 Rh3) 38. Kd4 (38. g4 $1 $18) 38... f6 $2 {Loses the game.} (38... Rh5 $16 {keeps fighting.} 39. Kxc4 Kf8) 39. g4 $18 {[%cal Og4g5] Strongly threatening g5!} (39. Rf1 Re6 40. Kd5 (40. Kxc4 Rxe4+ 41. Kd5 Re5+ 42. Kd4 Rg5 $18) 40... Re5+ 41. Kd4 (41. Kxc4 Rxe4+ 42. Kd5 Re5+ 43. Kd6 Rg5 $18) 41... Re6 42. Kxc4 Rxe4+ 43. Kd5 Re5+ 44. Kd6 Rg5 $18) 39... Rg5 (39... g5 {might work better.} 40. Ra1 (40. Kxc4 Rxe4+ 41. Kd5 Re5+ 42. Kd4 Re2 $18) 40... Re8) 40. Kxc4 Kh7 41. Kd4 Kxh6 42. c4 {Threatens to win with c5.} Ra5 43. g5+ Kg7 44. gxf6+ Kxf6 45. e5+ ({Weaker is} 45. c5 Ra2 46. e5+ Kf7 $18) 45... Kf5 46. Rf1+ Ke6 47. Rf6+ {White mates.} Ke7 48. Rxg6 Ra1 49. Kd5 Rd1+ 50. Kc6 Ra1 51. Rd6 Re1 52. e6 Ra1 53. c5 {[%cal Bc4c5,Bc5c6,Bc6c7][%mdl 32]} Ra6+ 54. Kc7 Ra5 55. Kb6 Ra1 56. Rd2 Rb1+ 57. Kc7 Kxe6 58. c6 Rc1 59. Kb7 Rb1+ 60. Kc8 Ke7 61. c7 Rc1 62. Re2+ Kd6 63. Kd8 {Weighted Error Value: White=0.09 (flawless) /Black=0.43} 1-0

[Event "Tatra Limba Master 2022"]
[Site "Poronin"]
[Date "2022.01.11"]
[Round "9.5"]
[White "Ustianovich, Nazar"]
[Black "Liskiewicz, Jakub"]
[Result "0-1"]
[WhiteElo "2344"]
[BlackElo "1598"]
[Annotator "TA"]
[PlyCount "127"]
[EventDate "2022.01.07"]
[EventType "swiss"]
[EventCountry "POL"]
[SourceTitle "playchess.com"]
[Source "ChessBase"]
[SourceQuality "1"]

{[%evp 19,127,0,24,0,0,0,0,0,27,-112,-109,-126,-70,-84,12,14,27,-9,-6,-5,-5,-2,0,-3,-14,-39,-27,-43,-31,-62,-64,-93,-100,-280,-274,-249,-258,-281,-266,-266,-271,-257,-243,-360,-377,-360,-357,-343,-227,-339,-316,-308,-301,-297,-297,-282,-205,-241,-224,-292,-306,-294,-289,-448,-438,-553,-553,-531,-358,-562,-554,-544,-534,-972,-605,-714,-663,-951,-954,-1542,-1570,-1612,-1410,-6537,-664,-1240,-1162,-1418,-1064,-1451,-1025,-29951,-1364,-1782,-1629,-1790,-1312,-1808,-1733,-29976,-29977,-29985,-29986,-29987,-29988,-29991,-29992,-29992,-29993,-29996]} 1. e4 {[%cal Be2e4,Be4e5][%mdl 32]} d6 2. d4 Nf6 3. Nc3 g6 4. f4 Bg7 5. Nf3 O-O 6. e5 Nfd7 7. h4 {[%cal Bh2h4,Bh4h5][%mdl 32]} c5 8. h5 cxd4 9. Qxd4 dxe5 10. Qf2 e4 11. Ng5 {B09: Pirc Defence: Austrian Attack.} (11. Nxe4 $5 {[%cal Rh5g6]} Nf6 12. Nxf6+ exf6 13. Bd2 $11) 11... Nf6 12. hxg6 hxg6 13. Qh4 {The position is equal.} Qd4 {[#]} 14. Ngxe4 Rd8 $1 $17 {[#]} 15. Nxf6+ $146 ({Predecessor:} 15. Bd3 Bf5 16. Ne2 Qb6 17. Nxf6+ Qxf6 18. Qxf6 Bxf6 19. Bxf5 gxf5 20. Be3 Nc6 21. c3 {½-½ (55) Chen,Q (2437)-Tukhaev,A (2527) St Petersburg 2018}) 15... exf6 (15... Bxf6 $17 16. Qh7+ (16. Qh6 Nc6 $17) 16... Kf8) 16. Bd3 $15 Re8+ ({Don't play} 16... Kf8 17. Nb5 Qc5 18. b3 $11) ({Better is} 16... Na6 $17 {Hoping for ...Nb4.} 17. Ne2 Qd6) 17. Kf1 $11 {Black should prevent Nb5.} Nc6 {Threatens to win with ...Nb4.} (17... Kf8 $2 18. Nb5 Qb6 19. b3 $18) 18. Bd2 Bf5 19. Bxf5 Qxd2 20. Rd1 Qe3 {Really sharp!} 21. Bd7 $132 {[%mdl 2048] White puts up resistance} Re7 22. Qf2 f5 23. Qxe3 Rxe3 24. Nd5 Re4 25. c3 Kf8 {Strongly threatening ...Rd8.} (25... Rd8 $2 26. Bxc6 bxc6 27. Ne7+ $1 {[%mdl 512]} Kf8 28. Rxd8+ $18) 26. g3 $2 {Now White is beyond hope.} (26. Kf2 $17 {was necessary.}) 26... Rd8 $19 27. Bxc6 bxc6 28. Ne3 Rb8 29. Ke2 Rxb2+ 30. Kd3 Rxa2 31. Ra1 (31. g4 $142) 31... Rxa1 32. Rxa1 {[#]} Bxc3 $1 {[%mdl 512]} 33. Rxa7 {[%mdl 4096] Endgame KRB-KRN} Be1 34. Nf1 (34. g4 {only move.}) 34... Bf2 35. Ra2 Bg1 36. Rg2 Bb6 37. Rb2 Ba5 38. Ne3 Be1 39. g4 Rxf4 40. gxf5 g5 $1 {And now ...Bf2 would win.} ({Don't blunder} 40... gxf5 $2 41. Rc2 $19) 41. Ng2 (41. Rg2 {was called for.}) 41... Rf3+ 42. Ke4 {[#]} Rf2 ({Less strong is} 42... Rf1 43. Rb1 $14) 43. Rb8+ Kg7 44. Ne3 (44. Nxe1 $142 Re2+ 45. Kf3 Rxe1 46. Rc8) 44... Rf4+ 45. Kd3 Bf2 46. Nc4 Rxf5 {aiming for ...g4.} 47. Rc8 c5 {White must now prevent ...g4.} 48. Ke2 Bd4 {...g4 is the strong threat.} 49. Nd6 Rf2+ 50. Kd3 g4 {( -> ...g3)} 51. Ke4 Kf6 52. Rg8 Ke6 53. Nb5 f5+ 54. Kd3 Ke5 55. Nc7 Kf4 (55... c4+ $142 56. Kxc4 Rc2+ 57. Kd3 Rc3+ 58. Ke2 Rxc7 59. Re8+ Kf4 60. Kd3 {[#]} Be3 $1 {[%mdl 512]} 61. Ra8 g3 62. Ke2 g2 63. Ra4+ Kg3 64. Ra8 g1=Q 65. Rg8+ Kf4 66. Rxg1 Bxg1 67. Kd2 Be3+ 68. Kd3 Rc1 69. Ke2 Rc3 70. Kf1 Kf3 71. Ke1 Rc1#) 56. Ne6+ Kg3 57. Ng5 Kg2 58. Ne6 g3 {[%cal Bg4g3,Bg3g2][%mdl 32]} 59. Ng5 {Inhibits Rf3+.} Kf1 {Black mates.} 60. Nh3 Rf3+ 61. Kd2 g2 62. Rb8 Rxh3 63. Rb1+ Kf2 64. Ra1 {Weighted Error Value: White=0.62/Black=0.21 (precise)} 0-1

[Event "Tatra Limba Master 2022"]
[Site "Poronin"]
[Date "2022.01.11"]
[Round "9.6"]
[White "Rejniak, Zuzanna"]
[Black "Kotowicz, Kamil"]
[Result "1/2-1/2"]
[WhiteElo "1799"]
[BlackElo "1732"]
[Annotator "NA RC"]
[PlyCount "41"]
[EventDate "2022.01.07"]
[EventType "swiss"]
[EventCountry "POL"]
[SourceTitle "playchess.com"]
[Source "ChessBase"]
[SourceQuality "1"]
[TimeControl "5400+30"]

1. e4 {[%emt 0:00:01]} c6 {[%emt 0:00:13]} 2. d4 {[%emt 0:00:04]} d5 {[%emt 0:00:16]} 3. Nc3 {[%emt 0:00:08]} dxe4 {[%emt 0:00:09]} 4. Nxe4 {[%emt 0:00:04]} Nf6 {[%emt 0:00:38]} 5. Nxf6+ {[%emt 0:00:06]} exf6 {[%emt 0:00:13]} 6. c3 {[%emt 0:01:35]} Bd6 {[%emt 0:00:06]} 7. Bd3 {[%emt 0:00:08]} O-O {[%emt 0:00:11]} 8. Qc2 {[%emt 0:04:20]} Re8+ {[%emt 0:00:09]} 9. Ne2 {[%emt 0:00:06]} h5 {[%emt 0:00:02]} 10. O-O {[%emt 0:17:29]} h4 {[%emt 0:00:14]} 11. h3 {[%emt 0:00:04]} Nd7 {[%emt 0:00:54]} 12. Bf4 {[%emt 0:10:07]} Nf8 {[%emt 0:01:48]} 13. Bxd6 {[%emt 0:19:13]} Qxd6 {[%emt 0:00:28]} 14. Qd2 {[%emt 0:00:22]} Ne6 {[%emt 0:03:44]} 15. Rfe1 {[%emt 0:06:20]} Bd7 {[%emt 0:06:46]} 16. Bf5 {[%emt 0:05:38]} Ng5 {[%emt 0:06:52]} 17. Bxd7 {[%emt 0:06:05]} Qxd7 {[%emt 0:00:39]} 18. Nf4 {[%emt 0:00:46]} Qf5 {[%emt 0:05:51]} 19. f3 {[%emt 0:06:28]} Rad8 {[%emt 0:15:56]} 20. Rad1 {[%emt 0:03:28]} b6 {[%emt 0:16:49]} 21. b3 {[%emt 0:02:55]} 1/2-1/2

[Event "Tatra Limba Master 2022"]
[Site "Poronin"]
[Date "2022.01.11"]
[Round "9.7"]
[White "Bartoszczuk, Adam"]
[Black "Rekuc, Patryk"]
[Result "1/2-1/2"]
[WhiteElo "1380"]
[BlackElo "1662"]
[Annotator "NA RC"]
[PlyCount "50"]
[EventDate "2022.01.07"]
[EventType "swiss"]
[EventCountry "POL"]
[SourceTitle "playchess.com"]
[Source "ChessBase"]
[SourceQuality "1"]
[TimeControl "5400+30"]

1. e4 {[%emt 0:00:01]} c5 {[%emt 0:00:06]} 2. Nf3 {[%emt 0:00:04]} Nc6 {[%emt 0:00:04]} 3. Nc3 {[%emt 0:00:05]} d6 {[%emt 0:00:05]} 4. d4 {[%emt 0:00:33]} cxd4 {[%emt 0:00:06]} 5. Nxd4 {[%emt 0:00:02]} e5 {[%emt 0:00:06]} 6. Ndb5 {[%emt 0:01:18]} a6 {[%emt 0:00:17]} 7. Na3 {[%emt 0:00:07]} Be6 {[%emt 0:00:04]} 8. Nd5 {[%emt 0:05:02]} Nf6 {[%emt 0:00:22]} 9. Bg5 {[%emt 0:03:16]} Bxd5 {[%emt 0:02:17]} 10. exd5 {[%emt 0:00:13]} Nb8 {[%emt 0:02:03]} 11. c3 {[%emt 0:08:47]} Nbd7 {[%emt 0:03:00]} 12. Be2 {[%emt 0:02:46]} Be7 {[%emt 0:00:27]} 13. Nc4 {[%emt 0:08:19]} O-O {[%emt 0:08:22]} 14. O-O {[%emt 0:02:51]} Ne8 {[%emt 0:09:55]} 15. Bxe7 {[%emt 0:03:36]} Qxe7 {[%emt 0:00:07]} 16. Na5 {[%emt 0:00:14]} Qd8 {[%emt 0:08:59]} 17. b4 {[%emt 0:03:16]} Qc7 {[%emt 0:00:38]} 18. Rc1 {[%emt 0:01:31]} b6 {[%emt 0:07:09]} 19. Nb3 {[%emt 0:05:38]} Nef6 {[%emt 0:09:34]} 20. a4 {[%emt 0:08:19]} Rfc8 {[%emt 0:04:34]} 21. a5 {[%emt 0:07:17]} b5 {[%emt 0:00:10]} 22. Re1 {[%emt 0:12:38]} Qb7 {[%emt 0:00:30]} 23. Bf3 {[%emt 0:01:44]} Rc7 {[%emt 0:00:55]} 24. Qd3 {[%emt 0:02:50]} Rac8 {[%emt 0:00:34]} 25. Nd2 {[%emt 0:00:35]} h6 {[%emt 0:04:46]} 1/2-1/2

[Event "Tatra Limba Master 2022"]
[Site "Poronin"]
[Date "2022.01.11"]
[Round "9.8"]
[White "Gepfert, Cyprian"]
[Black "Wysocki, Mateusz"]
[Result "0-1"]
[WhiteElo "1743"]
[BlackElo "1848"]
[Annotator "NA RC"]
[PlyCount "104"]
[EventDate "2022.01.07"]
[EventType "swiss"]
[EventCountry "POL"]
[SourceTitle "playchess.com"]
[Source "ChessBase"]
[SourceQuality "1"]
[TimeControl "5400+30"]

{[%evp 15,104,18,15,14,32767,32767,32767,7,18,-10,-11,-30,-10,0,0,-13,-17,32767,32767,-8,-18,-29,-33,-47,-33,-159,-182,32767,-191,-199,-180,-196,-192,-191,-197,-228,-210,-175,-175,-223,-222,-201,-208,-206,-205,-335,-315,-392,-354,-410,-447,-604,-386,-412,-441,-525,-361,-364,-391,-359,-524,-615,-933,-560,-692,-989,-2705,-1229,-1330,-4710,-1943,-2203,-1616,-2126,-930,-1743,-29989,-12843,-29985,-2744,-4722,-5110,-12349,-5081,-29985,-12844,-29989,-29990,-29989,-29992,-29993]} 1. e4 {[%emt 0:00:03]} c5 {[%emt 0:00:21]} 2. Nf3 {[%emt 0:00:05]} a6 {[%emt 0:00:37]} 3. c4 {[%emt 0:00:06]} Nc6 {[%emt 0:00:31]} 4. d4 {[%emt 0:00:59]} cxd4 {[%emt 0:00:07]} 5. Nxd4 {[%emt 0:00:08]} e5 {[%emt 0:02:30]} 6. Nc2 {[%emt 0:01:34]} Nf6 {[%emt 0:00:19]} 7. Nc3 {[%emt 0:00:29]} Bc5 {[%emt 0:00:33]} 8. Bd3 {[%emt 0:02:15]} O-O {[%emt 0:01:48]} 9. O-O {[%emt 0:03:59]} d6 {[%emt 0:00:07]} 10. h3 {[%emt 0:01:25]} Be6 {[%emt 0:02:01]} 11. Nd5 {[%emt 0:03:41]} Bxd5 {[%emt 0:08:16]} 12. exd5 {[%emt 0:00:15]} Nd4 {[%emt 0:00:31]} 13. Bg5 {[%emt 0:05:40]} h6 {[%emt 0:03:03]} 14. Bh4 {[%emt 0:03:17]} Nxc2 {[%emt 0:24:05]} 15. Bxc2 {[%emt 0:03:50]} g5 {[%emt 0:00:21]} 16. Bg3 {[%emt 0:00:13]} Qd7 {[%emt 0:02:55]} 17. Qf3 {[%emt 0:03:03]} Ne8 $1 {[%emt 0:03:44]} 18. Qh5 {[%emt 0:04:47]} Kg7 {[%emt 0:00:11]} 19. Kh2 {[%emt 0:10:13]} f5 {[%emt 0:03:05]} ({But not} 19... Nf6 20. Qf3 $11) 20. f4 {[%emt 0:01:55]} (20. Kh1 $15) 20... Nf6 {[%emt 0:00:50]} ({Not} 20... exf4 21. Be1 $17) 21. Qf3 {[%emt 0:02:57]} exf4 {[%emt 0:04:18]} ({Weaker is} 21... gxf4 22. Bh4 $17) 22. Bf2 {[%emt 0:03:31]} Bxf2 {[%emt 0:00:13]} 23. Qxf2 {[%emt 0:01:36]} Rae8 {[%emt 0:00:51]} 24. Rae1 {[%emt 0:00:44]} Kg6 {[%emt 0:03:46]} 25. Qb6 {[%emt 0:06:56]} Re7 {[%emt 0:07:26]} ({Weaker is} 25... Ne4 26. Qb4 $17) 26. Ba4 {[%emt 0:11:43]} Qc7 {[%emt 0:02:23]} ({Not} 26... Qxa4 27. Rxe7 Qxc4 28. Rfe1 $11) 27. Qxc7 {[%emt 0:02:08]} Rxc7 {[%emt 0:00:01]} 28. Re6 {[%emt 0:00:32]} Rxc4 {[%emt 0:00:29]} 29. Bb3 {[%emt 0:00:11]} Rd4 {[%emt 0:01:52]} 30. Rfe1 {[%emt 0:01:19]} (30. Rxd6 $142 Rd2 31. Re6) 30... Rd8 {[%emt 0:01:37]} 31. Re7 {[%emt 0:02:18]} Re4 {[%emt 0:01:21]} 32. R1xe4 {[%emt 0:02:50]} fxe4 {[%emt 0:00:11]} 33. Rxb7 {[%emt 0:01:17]} Kf5 {[%emt 0:00:45]} 34. Rb6 {[%emt 0:01:25]} Ke5 {[%emt 0:01:01]} 35. Rxa6 {[%emt 0:00:16]} Kd4 {[%emt 0:01:52]} 36. Kg1 {[%emt 0:00:50]} h5 {[%emt 0:02:03]} 37. Kf1 {[%emt 0:00:32]} g4 {[%emt 0:00:11]} 38. hxg4 {[%emt 0:00:43]} hxg4 {[%emt 0:00:02]} 39. Bc2 {[%emt 0:02:17]} f3 {[%emt 0:00:28]} 40. gxf3 {[%emt 0:01:16]} gxf3 {[%emt 0:00:02]} 41. Ra4+ {[%emt 0:01:04]} Ke3 {[%emt 0:00:05]} 42. Ra3+ {[%emt 0:00:45]} Kf4 {[%emt 0:00:07]} 43. Ra4 {[%emt 0:00:10]} Rc8 {[%emt 0:00:43]} 44. Bd1 {[%emt 0:01:29]} Nxd5 {[%emt 0:00:37]} 45. Rd4 {[%emt 0:01:44]} Ne3+ {[%emt 0:00:10]} 46. Ke1 {[%emt 0:00:24]} Rh8 {[%emt 0:00:22]} 47. Kd2 {[%emt 0:00:37]} Rh2+ {[%emt 0:00:47]} (47... Nxd1 $142 48. Rc4 Rh1 49. Rc8 e3+ 50. Kd3 Nf2+ 51. Kc2 e2 52. Rf8+ Ke3 53. Kb3 e1=Q 54. Rf6 Qd2 55. Rf7 Rb1 56. Ka4 Qxb2 57. Re7+ Ne4 58. Rxe4+ Kxe4 59. Ka5 Qxa2#) 48. Kc3 {[%emt 0:00:24]} Nxd1+ {[%emt 0:00:43]} 49. Rxd1 {[%emt 0:00:06]} f2 {[%emt 0:00:47]} 50. a4 {[%emt 0:00:07]} e3 {[%emt 0:00:11]} 51. Rxd6 {[%emt 0:00:53]} Rh5 {[%emt 0:00:33]} 52. Kd3 {[%emt 0:00:23]} f1=Q+ {[%emt 0:00:07]} 0-1

[Event "Tatra Limba Master 2022"]
[Site "Poronin"]
[Date "2022.01.11"]
[Round "9.9"]
[White "Gajdzica, Maciej"]
[Black "Kozlowski, Franciszek"]
[Result "1/2-1/2"]
[WhiteElo "1960"]
[BlackElo "1523"]
[Annotator "TA"]
[PlyCount "104"]
[EventDate "2022.01.07"]
[EventType "swiss"]
[EventCountry "POL"]
[SourceTitle "playchess.com"]
[Source "ChessBase"]
[SourceQuality "1"]

{[%evp 18,104,29,45,73,0,0,0,33,26,39,41,41,40,39,34,41,41,37,20,23,30,20,14,35,41,40,10,118,110,113,126,113,80,130,123,136,133,136,121,141,129,357,356,356,345,341,352,352,335,335,308,264,228,228,64,64,64,64,64,64,64,64,8,8,8,8,8,8,8,8,8,8,8,1181,8,19,59,29975,8,29971,29974,29971,8,8,8,8,8,8]} 1. d4 d5 2. c4 e6 3. Nc3 Nf6 4. cxd5 Nxd5 5. e4 Nxc3 6. bxc3 c5 7. Nf3 cxd4 8. cxd4 Nc6 9. Be2 Bb4+ 10. Bd2 Qa5 {D41: Queen's Gambit Declined: Semi-Tarrasch with 5 cxd5.} 11. a3 (11. Rb1 $16) 11... Bxd2+ $11 12. Qxd2 Qxd2+ 13. Kxd2 O-O 14. Rhc1 Na5 15. Rab1 {Inhibits Nb3+.} Bd7 {[#]} 16. Rc3 $146 ({Predecessor:} 16. Rc5 b6 17. Rc3 Ba4 18. Ke3 Rac8 19. Rbc1 Rxc3+ 20. Rxc3 Bc6 21. Ba6 f6 22. Nd2 {½-½ (33) Fraschini,M (2360)-Breier,A (2225) Budapest 1995}) 16... Rac8 17. Rbc1 f6 18. Rxc8 Rxc8 19. Rxc8+ Bxc8 $14 {[%mdl 4096] Endgame KBN-KBN} 20. Kc3 Nc6 21. d5 Nd8 22. Kb4 f5 (22... Kf8 $11) 23. exf5 $1 $16 exd5 24. Bd3 b6 25. Ne5 Kf8 (25... Nf7 $142 26. Nxf7 Kxf7) 26. Kc3 $1 Ke7 {[%cal Oc8f5]} 27. Kd4 Bb7 28. g4 Kd6 29. f4 {White is more active.} Nc6+ $2 (29... Bc6 $16) 30. Nxc6 $18 Bxc6 {KB-KB} 31. f6 g6 (31... gxf6 32. Bxh7 Bd7 33. Bf5 $18) 32. h4 Bd7 33. Be2 a5 {[%cal Ba7a5,Ba5b4,Bb4b3][%mdl 32]} 34. Bf3 b5 35. g5 $1 ({Weaker is} 35. Bxd5 Bxg4 36. Ba2 Bh3 $14) 35... Be6 {[#]} 36. h5 $2 (36. Kc3 $1 $18) 36... gxh5 $1 $14 37. Bxh5 {Be2 is the strong threat.} b4 38. axb4 axb4 39. Bf3 Bf7 $1 40. f5 ({White should try} 40. Bd1 $14 Bg6 41. Bf3) 40... b3 $11 {( -> ...b2)} 41. Bd1 b2 42. Bc2 Bg8 43. Bb1 Bf7 44. Kc3 Ke5 45. Kxb2 d4 $2 {[%mdl 8192] [#]} (45... Bg8 $11) 46. Kc1 $2 ({White has to play} 46. Bc2 $1 $18 {Hoping for Bb1.} Bh5 47. Kb3) 46... Bc4 47. Kd2 h6 $2 {[%mdl 8192]} (47... Bg8 $14) 48. Bd3 $2 (48. gxh6 Kxf6 49. h7 Kg7 50. f6+ Kh8 51. Be4 d3 52. Bf5 Bd5 53. Kxd3) 48... Bd5 $2 {[%mdl 8192]} (48... Bg8 $11) 49. gxh6 Kxf6 50. Ke2 $2 (50. h7 {mates} Kg7 51. f6+ Kh8 52. Bf5 Bc4 53. Be4 Be6 54. Kd3 Ba2 55. Kxd4) 50... Bg8 {The position is equal.} 51. Kf3 Kg5 $1 52. Ke4 Bh7 {Weighted Error Value: White=0.61/Black=0.53} 1/2-1/2

[Event "Tatra Limba Master 2022"]
[Site "Poronin"]
[Date "2022.01.11"]
[Round "9.10"]
[White "Smietanska, Wiktoria"]
[Black "Golis, Wiktor"]
[Result "0-1"]
[WhiteElo "1910"]
[BlackElo "1553"]
[Annotator "TA"]
[PlyCount "94"]
[EventDate "2022.01.07"]
[EventType "swiss"]
[EventCountry "POL"]
[SourceTitle "playchess.com"]
[Source "ChessBase"]
[SourceQuality "1"]

{[%evp 18,94,55,50,52,48,62,20,55,38,53,44,47,18,19,14,20,14,47,17,44,12,28,0,24,16,25,5,20,0,0,-22,18,-24,52,-26,-15,-24,-5,-11,0,0,4,-300,-297,-388,-392,-395,-387,-390,-391,-391,-383,-468,-468,-465,-456,-447,-434,-597,-581,-577,-585,-1616,-784,-2087,-2144,-2035,-2034,-1917,-1888,-1736,-1172,-1721,-919,-29990,-29991,-29989,-29990]} 1. d4 Nf6 2. Bf4 e6 3. e3 d5 4. Nd2 c5 5. c3 Nc6 6. Ngf3 cxd4 7. exd4 Bd6 8. Bxd6 Qxd6 9. Bd3 O-O 10. O-O Nd7 {B13: Caro-Kann: Exchange Variation and Panov-Botvinnik Attack.} 11. Re1 Re8 12. Nf1 {[#]} (12. Qe2 $14) 12... Nf8 $146 {The position is equal.} ({Predecessor:} 12... e5 13. dxe5 Ndxe5 14. Nxe5 Rxe5 15. Rxe5 Nxe5 16. Bc2 b6 17. Ne3 Bb7 18. Qd4 Rd8 19. Rd1 {1-0 (35) Carter,M (1607)-Scott,R (1585) ICCF email 2010}) 13. Ne5 f6 14. Nf3 Bd7 15. Ng3 Rab8 16. Qe2 Rbd8 17. Rad1 Bc8 18. Bc2 b6 19. a3 Bb7 20. Bb3 Ng6 (20... Na5 $5 {[%cal Ra5b3]} 21. Bc2 Nc4 $11) 21. Ba2 Qc7 22. Qc2 Na5 23. Nd2 Ba6 24. Re3 Kh8 25. Rde1 (25. Bb1 {was preferrable.}) 25... Qc8 ({Better is} 25... Nf4 $1 $11) 26. Nh5 (26. Bb1 $14) 26... e5 $1 $11 27. dxe5 Rxe5 28. Rxe5 Nxe5 29. Nf4 {To avoid Nd3} Nac4 30. Nb3 $2 {[%mdl 8192] [#] Loses the game.} (30. Bb1 $11 g6 31. Nxc4 dxc4 32. Qc1) 30... Qg4 $1 $19 31. Nd4 {[%cal Oa2b1] Inhibits Nf3+. Bb1! is the strong threat.} Qxf4 32. Ne6 Qg4 {Strongly threatening ...Nf3+.} 33. Rxe5 Nxe5 34. Nxd8 Qd7 ({Not} 34... Nf3+ 35. Kh1 $15) 35. f4 Nd3 ({Worse is} 35... Qxd8 36. fxe5 fxe5 37. Qa4 $17) 36. Bb1 Qxd8 37. Qe2 {To avoid Qe7} Nc5 38. Qh5 {[%csl Gb1][%cal Rh5h7] [#]} Bd3 39. Bxd3 Nxd3 40. b4 Qe7 {[%cal Re7e1]} 41. h3 Qe3+ 42. Kh1 Qc1+ 43. Kh2 Qxf4+ 44. Kh1 Qe4 {White must now prevent ...Nf2+.} 45. Qf7 h6 {( -> ...Ne1)} 46. Qxa7 Nf4 {[%csl Gf4,LRg2,LRh3][%cal Re4g2]} 47. Qb8+ Kh7 {Weighted Error Value: White=0.75/Black=0.31} 0-1